000 01184nam a2200241Ia 4500
003 OSt
005 20210608103622.0
008 191128s2014 ck aodbgr 000 0 spa d
020 _a9789585880122
040 _aCO-JMCR
_cCO-JMCR
041 0 _aspa
082 0 4 _a333.73 /
_bC718r
_223
110 1 _aColombia.
_bMinisterio de Agricultura.
_bUnidad de Restitución de Tierras
_96104
245 1 3 _aLa restitución de tierras en Colombia :
_bdel sueño a la realidad /
_cUnidad de Restitución de Tierras
260 _aBogotá :
_bMinisterio de Agricultura : Unidad de Restitución de Tierras,
_c2014
300 _a485 páginas :
_bilustraciones, fotografías, gráficos y mapas a color ;
_c25 cm.
500 _aIncluye notas a pie de página.
505 0 _aAntecedentes y contexto -- Implementación de la Ley -- Restituir derechos territoriales de comunidades étnicas en Colombia: retos y oportunidades -- Gestión territorial -- Miradas de la restitución
650 1 4 _aConflicto armado
_xefectos sobre la agricultura
_zColombia
_96105
650 2 4 _aDesplazamiento forzado
_xaspectos sociales
_zColombia
_96106
650 2 4 _aRestitución de tierras
_zColombia
_96107
942 _2ddc
_cBK
999 _c6302
_d6302